000 00615nam a22001697a 4500
003 MACL
005 20160525110327.0
008 160525b xxu||||| |||| 00| 0 eng d
040 _cMACL
041 _aHindi
082 _a891.433 DEV
100 _aदेवी, आशापूर्णा
_959255
245 _aअमर प्रेम
_cआशापूर्णा देवी
260 _aनई दिल्‍ली
_bराष्‍ट्रीय कला साहित्‍य एवं संस्‍कृति संस्‍थान
_c2001
650 _aNovel
_959256
942 _2ddc
_cHIN
999 _c54086
_d54086